LEADER 01918pam 2200517 a 450 001 9910164329703321 005 20230317174159.0 010 $a0-8031-5167-5 035 $a(CKB)3170000000044042 035 $a(MH)002544490-5 035 $a(SSID)ssj0001184437 035 $a(PQKBManifestationID)11794413 035 $a(PQKBTitleCode)TC0001184437 035 $a(PQKBWorkID)11195729 035 $a(PQKB)11484315 035 $a(EXLCZ)993170000000044042 100 $a19911127h19911991 uy 0 101 0 $aeng 181 $ctxt$2rdacontent 182 $cc$2rdamedia 183 $acr$2rdacarrier 200 00$aWater in exterior building walls $eproblems and solutions /$feditor, Thomas A. Schwartz 210 1$aPhiladelphia :$cASTM,$d1991. 210 4$aŠ1991 215 $a1 online resource (233 pages) $cillustrations 225 1 $aSTP ;$v1107 300 $aPapers presented at a symposium, held in Dearborn, Mich., Oct. 25-26, 1990. 300 $a"ASTM publication code number (PCN) 04-011070-10." 311 $a0-8031-1409-5 320 $aIncludes bibliographical references and indexes. 410 0$aASTM special technical publication ;$v1107. 606 $aDampness in buildings$vCongresses 606 $aExterior walls$vCongresses 615 0$aDampness in buildings 615 0$aExterior walls 676 $a693/.892 701 $aSchwartz$b Thomas A$g(Thomas Alan),$f1951-$0898111 712 02$aAmerican Society for Testing and Materials. 801 0$bDLC 801 1$bDLC 801 2$bDLC 906 $aBOOK 912 $a9910164329703321 996 $aWater in exterior building walls$92006644 997 $aUNINA 999 $aThis Record contains information from the Harvard Library Bibliographic Dataset, which is provided by the Harvard Library under its Bibliographic Dataset Use Terms and includes data made available by, among others the Library of Congress